[Event "Pinneberg-ch"]
[Site "Pinneberg"]
[Date "2011.08.25"]
[Round "2"]
[White "Olschok, Juergen"]
[Black "Metzner, Arne"]
[Result "1/2-1/2"]
[WhiteElo "1794"]
[BlackElo "1515"]
[PlyCount "87"]
[EventDate "2011.08.18"]
[EventType "swiss"]
[EventRounds "7"]
[EventCountry "GER"]
[SourceTitle "CBM 144 Extra"]
[Source "ChessBase"]
[SourceDate "2011.10.28"]
[SourceVersion "1"]
[SourceVersionDate "2011.10.28"]
[SourceQuality "1"]

1. e4 e5 2. Nf3 Nf6 3. d4 exd4 4. e5 Qe7 5. Qe2 Nd5 6. Qe4 Qb4+ 7. Nbd2 c6 8. Bd3 g6 9. 0-0 Bg7 10. Nc4 0-0 11. Qh4 Qe7 12. Qxe7 Nxe7 13. Nd6 c5 14. Bg5 Nbc6 15. Bxe7 Nxe7 16. Bc4 h6 17. Rae1 Rb8 18. a4 b6 19. Nh4 Bb7 20. f4 Bd5 21. Bd3 Nc6 22. f5 Bxe5 23. Nc4 Bxc4 24. Bxc4 Kh7 25. Bxf7 g5 26. Bg6+ Kg7 27. Nf3 d6 28. g4 Kf6 29. Nd2 Nb4 30. Ne4+ Kg7 31. Re2 Nd5 32. b3 Nf4 33. Rd2 Nxg6 34. fxg6 Rxf1+ 35. Kxf1 Rf8+ 36. Kg2 Kxg6 37. Re2 Rf4 38. h3 Kf7 39. Ng3 Kg6 40. Nf5 h5 41. Ne7+ Kh6 42. Nf5+ Kg6 43. Ne7+ Kh6 44. Nf5+ 1/2-1/2

[Event "Pinneberg-ch"]
[Site "Pinneberg"]
[Date "2010.09.09"]
[Round "3"]
[White "Metzner, Arne"]
[Black "Dangelowski, Peter"]
[Result "1-0"]
[WhiteElo "1517"]
[BlackElo "1805"]
[PlyCount "85"]
[EventDate "2010.08.26"]
[EventType "swiss"]
[EventRounds "7"]
[EventCountry "GER"]
[SourceTitle "EXT 2011"]
[Source "ChessBase"]
[SourceDate "2010.11.26"]
[SourceVersion "1"]
[SourceVersionDate "2010.11.26"]
[SourceQuality "1"]

1. e4 c5 2. Nf3 d6 3. Bc4 e6 4. a3 a6 5. 0-0 Nc6 6. d3 Be7 7. c3 Nf6 8. Ba2 0-0 9. Re1 d5 10. e5 Nd7 11. d4 b5 12. Bf4 b4 13. h3 a5 14. axb4 axb4 15. Nbd2 Qb6 16. Bb3 Rxa1 17. Qxa1 cxd4 18. cxd4 Nxd4 19. Be3 Bc5 20. Bxd4 Bxd4 21. Nxd4 Qxd4 22. Nf3 Qb6 23. Qb1 f6 24. exf6 Rxf6 25. Qc2 Rf8 26. Ng5 Nf6 27. Ba2 h6 28. Nf3 Ne4 29. Bb1 b3 30. Qe2 Ba6 31. Qe3 Qxe3 32. Rxe3 Nc5 33. Nd4 Re8 34. Bg6 Re7 35. Nxb3 Nd7 36. Nd4 Nf8 37. Bh5 g6 38. Bg4 Kf7 39. Nc6 Rc7 40. Nd8+ Kf6 41. Nxe6 Rf7 42. Nxf8 Rxf8 43. Re6+ 1-0

[Event "Pinneberg-ch"]
[Site "Pinneberg"]
[Date "2009.09.10"]
[Round "3"]
[White "Oelrichs, Manfred"]
[Black "Metzner, Arne"]
[Result "1-0"]
[WhiteElo "1690"]
[BlackElo "1553"]
[PlyCount "87"]
[EventDate "2009.08.27"]
[EventType "swiss"]
[EventRounds "7"]
[EventCountry "GER"]
[SourceTitle "EXT 2012"]
[Source "ChessBase"]
[SourceDate "2011.11.24"]
[SourceVersion "1"]
[SourceVersionDate "2011.11.24"]
[SourceQuality "1"]

1. c4 e5 2. g3 Bc5 3. Bg2 Nf6 4. Nc3 c6 5. Nf3 e4 6. Ng5 Bxf2+ 7. Kf1 d5 8. cxd5 cxd5 9. d3 e3 10. Nf3 0-0 11. Qb3 Nc6 12. Nd1 Re8 13. Nxf2 exf2 14. Bg5 h6 15. Bxf6 Qxf6 16. Qc3 Qe7 17. Qd2 Qc5 18. Rc1 Qb6 19. d4 Bg4 20. e3 Re6 21. Kxf2 Rae8 22. Rhe1 Rf6 23. h3 Bf5 24. Kg1 Be4 25. Rf1 Rg6 26. g4 Qd8 27. Qf2 Rf8 28. Qg3 f5 29. Nh4 Rg5 30. Bxe4 fxe4 31. Rxf8+ Qxf8 32. Rf1 Qc8 33. Nf5 Rg6 34. Kg2 Rf6 35. Nd6 Qd7 36. Rxf6 gxf6 37. Nf5 Qh7 38. Qh4 Kf7 39. Nxh6+ Kg6 40. Qh5+ Kg7 41. Nf5+ Kh8 42. Qe8+ Qg8 43. Qd7 Qh7 44. Qxd5 1-0

[Event "Pinneberg-ch"]
[Site "Pinneberg"]
[Date "2009.09.03"]
[Round "2"]
[White "Metzner, Arne"]
[Black "Luettig, Hendrik"]
[Result "1/2-1/2"]
[WhiteElo "1553"]
[BlackElo "1518"]
[PlyCount "40"]
[EventDate "2009.08.27"]
[EventType "swiss"]
[EventRounds "7"]
[EventCountry "GER"]
[SourceTitle "EXT 2012"]
[Source "ChessBase"]
[SourceDate "2011.11.24"]
[SourceVersion "1"]
[SourceVersionDate "2011.11.24"]
[SourceQuality "1"]

1. e4 c5 2. Nf3 d6 3. h3 g6 4. Bc4 Nd7 5. a3 Bg7 6. c3 Ngf6 7. d3 a6 8. Bg5 0-0 9. 0-0 b5 10. Ba2 Qc7 11. Re1 Bb7 12. Nbd2 e5 13. Rc1 a5 14. Nh2 h6 15. Bh4 Ba6 16. Ndf1 Bb7 17. Ng4 g5 18. Bg3 Nxg4 19. Qxg4 Nf6 20. Qf3 Bc8 1/2-1/2

[Event "Pinneberg-ch"]
[Site "Pinneberg"]
[Date "2008.10.02"]
[Round "6"]
[White "Metzner, Arne"]
[Black "Lehmkuhl, Stefan"]
[Result "0-1"]
[WhiteElo "1538"]
[BlackElo "1978"]
[PlyCount "94"]
[EventDate "2008.08.28"]
[EventType "swiss"]
[EventRounds "7"]
[EventCountry "GER"]
[SourceTitle "EXT 2011"]
[Source "ChessBase"]
[SourceDate "2010.11.26"]
[SourceVersion "1"]
[SourceVersionDate "2010.11.26"]
[SourceQuality "1"]

1. e4 g6 2. Nf3 Bg7 3. d4 d6 4. Bf4 Nc6 5. c3 Nf6 6. Nbd2 Nh5 7. Be3 e5 8. d5 Ne7 9. Bb5+ Bd7 10. Qa4 Nf6 11. h3 0-0 12. Bg5 Bc8 13. Nh2 Nd7 14. Ng4 f6 15. Be3 f5 16. Nh6+ Kh8 17. Bg5 a6 18. Bd3 Nf6 19. Qc2 fxe4 20. Bxe4 Nxe4 21. Nxe4 Qe8 22. 0-0-0 Nf5 23. Ng4 h6 24. Bf6 Bxf6 25. Ngxf6 Qe7 26. Ng4 Rf7 27. f3 Bd7 28. Qd2 Kg7 29. Qe1 c6 30. dxc6 bxc6 31. h4 d5 32. Ng3 Rc8 33. Qd2 Rh8 34. Nxf5+ Bxf5 35. Rde1 e4 36. Qd4+ Kh7 37. Ne5 Rf6 38. f4 Rd8 39. g3 c5 40. Qa4 Qb7 41. Re2 h5 42. Rd1 Rb6 43. Qa3 Rc8 44. Kb1 d4 45. cxd4 cxd4 46. Rxd4 e3+ 47. Nd3 Qh1+ 0-1

[Event "Pinneberg-ch"]
[Site "Pinneberg"]
[Date "2007.09.13"]
[Round "3"]
[White "Metzner, Arne"]
[Black "Dangelowski, Peter"]
[Result "1/2-1/2"]
[WhiteElo "1479"]
[BlackElo "1798"]
[PlyCount "82"]
[EventDate "2007.08.30"]
[EventType "swiss"]
[EventRounds "7"]
[EventCountry "GER"]
[SourceTitle "CBM 120 Extra"]
[Source "ChessBase"]
[SourceDate "2007.11.01"]
[SourceVersion "1"]
[SourceVersionDate "2007.11.01"]
[SourceQuality "1"]

1. e4 c5 2. Nf3 d6 3. Bc4 e6 4. Nc3 Nc6 5. a3 a6 6. d3 Nf6 7. Bg5 Be7 8. h3 b5 9. Ba2 Bb7 10. 0-0 h6 11. Bh4 0-0 12. Re1 Nh7 13. Bxe7 Qxe7 14. Qd2 Rad8 15. Rad1 Nf6 16. Nh2 Qd7 17. f4 b4 18. Ne2 a5 19. Ng3 Qc7 20. Nf3 e5 21. f5 Ne7 22. c3 Nc6 23. c4 a4 24. axb4 Nxb4 25. Ra1 Bc6 26. Qd1 Ra8 27. Bb1 Ra7 28. Bc2 Rfa8 29. Qd2 a3 30. bxa3 Rxa3 31. Rxa3 Rxa3 32. Bb1 Qa7 33. d4 exd4 34. Nxd4 Rxg3 35. Nxc6 Nxc6 36. Qxd6 Nd4 37. Qxg3 Nh5 38. Qg4 Qa5 39. Rf1 Nf6 40. Qd1 Qc3 41. Bd3 Nxe4 1/2-1/2

[Event "Pinneberg-ch"]
[Site "Pinneberg"]
[Date "2006.09.15"]
[Round "5.35"]
[White "Metzner, Arne"]
[Black "Hofschroer, Joachim"]
[Result "1/2-1/2"]
[WhiteElo "1560"]
[BlackElo "1511"]
[PlyCount "44"]
[EventDate "2006.08.22"]
[EventType "swiss"]
[EventRounds "7"]
[EventCountry "GER"]
[SourceTitle "EXT 2007"]
[Source "ChessBase"]
[SourceDate "2006.11.23"]
[SourceVersion "1"]
[SourceVersionDate "2006.11.23"]
[SourceQuality "1"]

1. e4 c5 2. Nf3 e6 3. Nc3 Nc6 4. a3 a6 5. Bc4 d6 6. d3 Be7 7. 0-0 Nf6 8. h3 0-0 9. Ne2 d5 10. exd5 exd5 11. Ba2 Bd6 12. Bg5 Be6 13. d4 cxd4 14. Nexd4 Be7 15. Bf4 Ne4 16. Ne5 Nxd4 17. Qxd4 Bc5 18. Qd3 Qf6 19. Qf3 g5 20. Bh2 Qxf3 21. Nxf3 Rad8 22. Rad1 h5 1/2-1/2

[Event "Pinneberg-ch"]
[Site "Pinneberg"]
[Date "2005.09.01"]
[Round "4"]
[White "Metzner, Arne"]
[Black "Draeger, Klaus"]
[Result "0-1"]
[WhiteElo "1576"]
[BlackElo "1729"]
[PlyCount "36"]
[EventDate "2005.08.11"]
[EventType "swiss"]
[EventRounds "7"]
[EventCountry "GER"]
[SourceTitle "EXT 2006"]
[Source "ChessBase"]
[SourceDate "2005.11.24"]
[SourceVersion "1"]
[SourceVersionDate "2005.11.24"]
[SourceQuality "1"]

1. e4 c6 2. Nf3 d5 3. exd5 cxd5 4. d4 Bg4 5. h3 Bh5 6. Be2 Nc6 7. Nc3 e6 8. 0-0 Rc8 9. Re1 Bd6 10. Bg5 Nge7 11. Qd2 0-0 12. Nh2 Bxe2 13. Rxe2 Qb6 14. Nf3 Nf5 15. Be3 Na5 16. Ne5 Qxb2 17. Nxd5 Qxa1+ 18. Re1 Qxa2 0-1

[Event "Pinneberg-ch"]
[Site "Pinneberg"]
[Date "2004.09.16"]
[Round "6"]
[White "Retzlaff, Wolfgang"]
[Black "Metzner, Arne"]
[Result "1/2-1/2"]
[WhiteElo "1714"]
[BlackElo "1618"]
[PlyCount "56"]
[EventDate "2004.08.12"]
[EventType "swiss"]
[EventRounds "7"]
[EventCountry "GER"]
[SourceTitle "EXT 2005"]
[Source "ChessBase"]
[SourceDate "2004.11.15"]
[SourceVersion "1"]
[SourceVersionDate "2004.11.15"]
[SourceQuality "1"]

1. c4 e6 2. Nc3 d5 3. cxd5 exd5 4. Nf3 Nf6 5. e3 Bf5 6. Nd4 Bg6 7. Qb3 b6 8. Bb5+ Nbd7 9. Nc6 Qc8 10. Ne5 Bd6 11. Bxd7+ Nxd7 12. Nxg6 hxg6 13. Qxd5 Rh5 14. Qd4 Qb7 15. Qe4+ Qxe4 16. Nxe4 Be7 17. d4 c5 18. dxc5 Nxc5 19. Nxc5 Rxc5 20. Bd2 Rac8 21. 0-0 Bf6 22. Rab1 Kd7 23. Rfd1 Ke6 24. Kf1 Rc2 25. Rdc1 Bxb2 26. Rxb2 Rxc1+ 27. Bxc1 Rxc1+ 28. Ke2 Rc5 1/2-1/2